000 00822nam a22002657a 4500
001 35910
003 UA-OsUOA
005 20210804112440.0
007 ta
008 20060702b un ||||| |||| 00| 0 ukr d
040 _aUA-OsUOA
_brus
_cUA-OsUOA
_dUA-OsUOA
041 _arus
080 _a81'374,2
090 _a81'374,2
_bГ85
100 _aГринченко Б. Д.
245 _aСловарь украинского языка
260 _aК.
_c1909
300 _a563 с.
505 _gТ. 4
_tР - Я
650 7 _a8 Мовознавство. Художня література. Літературознавство
_2UDC
942 _cBK
_2udc
955 _a1
999 _c424187
_d424187